| 000 | 00881nam a2200301Ia 4500 | ||
|---|---|---|---|
| 005 | 20210727153211.0 | ||
| 008 | 141031s9999 ck 000 0 spa d | ||
| 020 | _a9789584229014 | ||
| 100 | 1 |
_aAbad Faciolince, Héctor, _d1958- |
|
| 245 | 1 | 0 |
_aAngosta _cHéctor Abad Faciolince |
| 250 | _a1a edición | ||
| 300 |
_a273 páginas _c24 cm. |
||
| 490 | _aBooket | ||
| 650 | 1 | 4 |
_2LEMB _aNovela colombiana |
| 650 | 1 | 4 |
_2LEMB _aAutores colombianos |
| 650 | 1 | 4 |
_2LEMB _aLiteratura colombiana |
| 650 | 1 | 4 |
_2LEMB _aAmor _vNovela |
| 650 | 1 | 4 |
_2LEMB _aClases sociales _vNovela |
| 650 | 1 | 4 |
_2LEMB _aNovela amorosa |
| 650 | 1 | 4 |
_2LEMB _aViolencia _vNovela |
| 942 |
_2loc _cBKLIT |
||
| 264 |
_aBogotá _bPlaneta _c2012 |
||
| 336 |
_atexto _btxt _2rdacontent |
||
| 337 |
_asin mediación _bn _2rdamedia |
||
| 338 |
_avolumen _bnc _2rdacarrier |
||
| 040 |
_aCO-BoRNBP _bspa _erda _cCO-BoRNBP |
||
| 084 | _aN ABA1 | ||
| 999 |
_c4080 _d4080 |
||